000 00666nam a22002057a 4500
003 OSt
005 20250810135123.0
008 250810b |||||||| |||| 00| 0 eng d
020 _a84-86168-12-0
040 _cBiblioteca de ejemplo
100 _aEscolar Sobrino, Hipólito
_d(1919-2009)
_917
245 _aHistoria de las bibliotecas
_b:
_c/ Hipólito Escolar
260 _aMadrid
_bFundación Germán Sánchez Ruipérez
_cD.L. 1985
300 _a566 p.
_bil. bl. y n.
_c21 cm.
490 _aBiblioteca del libro
650 0 _aHistoria
_918
650 0 _aBiblioteconomía
_919
700 _aPostigo Cabra, María de la Peña
_d(1988-)
_99
_eColaborador
942 _2ddc
_cMO
_n0
999 _c8
_d8